000 00456nam a22001697a 4500
003 OSt
005 20140310182533.0
008 130813t xxu||||| |||| 00| 0 eng d
020 _a9780521145999
050 _aPE 1128
_b.D261 2011
100 _aDavis, Fiona
_99788
245 _aActive grammar :
_bwith answers /
_cFiona Davis
260 _aUK :
_bCambridge,
_cc2011.
300 _a215 p. :
_bcol. ill. ;
_c28 cm.
942 _2lcc
_cSSLC
999 _c14158
_d14158